000
00301nam a22001217a 4500
008
181121b xxu||||| |||| 00| 0 eng d
041
_a
eng
080
_2
8 TH
_a
541
100
_a
12
101
_a
KIM
245
_a
Solutions Manual Quantitative Chemical Analysis
_c
Hrris.D.C
942
_2
udc
_c
BK
999
_c
52251
_d
52251